Ultimate Marvel Actors Quiz - Statistics

General Stats
  • This quiz has been taken 204 times
    181 since last reset
  • The average score is 30 of 80
Answer Stats
Hero First Appearance Actor % Correct
Captain America Captain America: The First Avenger (2011) Chris Evans
95%
Human Torch Fantastic Four (2005) Chris Evans
95%
Captain America: Civil War (2016) Tom Holland
94%
Iron Man Iron Man (2008) Robert Downey Jr.
93%
The Amazing Spider-Man (2012) Andrew Garfield
92%
Thor Thor (2011) Chris Hemsworth
89%
Spider-Man Spider-Man (2002) Tobey Maguire
89%
Star-Lord Guardians of the Galaxy (2014) Chris Pratt
80%
Hawkeye Thor (2011) Jeremy Renner
78%
The Avengers (2012) Mark Ruffalo
74%
Black Widow Iron Man 2 (2010) Scarlet Johansson
74%
Doctor Strange Doctor Strange (2016) Benedict Cumberbatch
73%
Ant-Man Ant-Man (2015) Paul Rudd
72%
Groot Vin Diesel
68%
Wolverine X-Men (2000) Hugh Jackman
67%
Captain Marvel Captain Marvel (2019) Brie Larson
65%
Deadpool X-Men Origins: Wolverine (2009) Ryan Reynolds
65%
Black Panther Captain America: Civil War (2016) Chadwick Boseman
64%
Winter Soldier Captain America: The First Avenger (2011) Sebastian Stan
64%
Falcon Captain America: The Winter Soldier (2014) Anthony Mackie
62%
Scarlet Witch Captain America: The Winter Soldier (2014) Elizabeth Olsen
62%
Drax Dave Bautista
61%
Gamora Zoe Saldana
61%
Rocket Raccoon Bradley Cooper
59%
Iron Man 2 (2010) Don Cheadle
55%
Daredevil Daredevil (2001) Ben Affleck
49%
Daredevil (2015) Charlie Cox
49%
X-Men: First Class (2011) Jennifer Lawrence
49%
The Incredible Hulk (2008) Edward Norton
47%
Professor X X-Men (2000) Patrick Stewart
45%
Valkyrie Thor: Ragnarok (2017) Tessa Thompson
42%
Quicksilver Captain America: The Winter Soldier (2014) Aaron Taylor-Johnson
41%
Storm X-Men (2000) Halle Berry
41%
X-Men: First Class (2011) James McAvoy
39%
Invisible Woman Fantastic Four (2005) Jessica Alba
39%
Ant-Man (2015) Michael Douglas
39%
Wasp Ant-Man (2015) Evangeline Lily
37%
Doctor Strange: In the Multiverse of Madness (2022) John Krasinski
36%
Mantis Guardians of the Galaxy Vol. 2 (2017) Pom Klementieff
34%
X-Men: Days of Future Past (2014) Evan Peters
32%
Ant-Man (2015) Michelle Pfeiffer
32%
Fantastic Four (2015) Michael B. Jordan
31%
Elektra Daredevil (2001) Jennifer Garner
30%
X-Men: Apocalypse (2016) Sophie Turner
29%
War Machine Iron Man (2008) Terrence Howard
27%
Hulk (2003) Eric Bana
25%
Cyclops X-Men (2000) James Marsden
24%
Daredevil (2016) Jon Bernthal
24%
Fantastic Four (2015) Miles Teller
24%
Iron Fist Iron Fist (2017) Finn Jones
18%
X-Men: First Class (2011) Nicholas Hoult
18%
Rogue X-Men (2000) Anna Paquin
16%
Punisher Punisher (1989) Dolph Lundgren
15%
Hulk The Incredible Hulk (1978) Lou Ferrigno
15%
Nightcrawler X2: X-Men United (2003) Alan Cumming
14%
Phoenix X-Men (2000) Famke Janssen
14%
Jessica Jones Jessica Jones (2015) Krysten Ritter
14%
Luke Cage Jessica Jones (2015) Mike Colter
14%
X-Men: The Last Stand (2006) Kelsey Grammer
13%
The Thing Fantastic Four (2005) Michael Chiklis
13%
Domino Deadpool 2 (2018) Zazie Beetz
12%
Mister Fantastic Fantastic Four (2005) Ioan Gruffudd
11%
Punisher: War Zone (2008) Ray Stevenson
11%
The Punisher (2004) Thomas Jane
11%
X-Men: Apocalypse (2016) Tye Sheridan
11%
Daredevil (2016) Elodie Yung
10%
Fantastic Four (2015) Kate Mara
10%
Mystique X-Men (2000) Rebecca Romijn
10%
Havok X-Men: First Class (2011) Lucas Till
8%
X-Men: Apocalypse (2016) Alexandra Shipp
7%
Negasonic Teenage Warhead Deadpool (2016) Brianna Hildebrand
7%
Iceman X-Men (2000) Shawn Ashmore
7%
Fantastic Four (2015) Jamie Bell
5%
Firefist Deadpool 2 (2018) Julian Dennison
5%
Gambit X-Men Origins: Wolverine (2009) Taylor Kitsch
5%
X-Men: Apocalypse (2016) Kodi Smit-McPhee
4%
X-Men Origins: Wolverine (2009) Tim Pocock
4%
Colossus X2: X-Men United (2003) Daniel Cudmore
3%
Deadpool (2016) Andre Tricoteux
2%
Beast X2: X-Men United (2003) Steve Bacic
2%
No matching quizzes found
Score Distribution
Percent of People with Each Score
Percentile by Number Answered
Your Score History
You have not taken this quiz since the last reset